000 00669nam a22001577a 4500
003 OSt
005 20151112150748.0
008 151112b xxu||||| |||| 00| 0 eng d
040 _cRUA
082 _aFOR POV 2005 B132 Or.1
100 _93615
_aPOV, PHALIN.
245 _aEx-situ conservation of lions at phnom tamao zoological garden and wildlife rescue center, ការអភិរក្សសត្វតោនៅតំបន់នៅឧទ្យានសួនសត្វ និងមជ្ឈមណ្ឌលសង្រ្គោះសត្វភ្នំតាម៉ៅ
260 _aPhnom Penh
_bRUA
_c2005
300 _axiii;43p.
_bill.
_c29cm.
942 _2ddc
_cFOR
999 _c3366
_d3366